New Era of Management (Record no. 350468)
[ view plain ]
| 000 -LEADER | |
|---|---|
| fixed length control field | 00511nam a22002057a 4500 |
| 003 - CONTROL NUMBER IDENTIFIER | |
| control field | OSt |
| 005 - DATE AND TIME OF LATEST TRANSACTION | |
| control field | 20180116183018.0 |
| 008 - FIXED-LENGTH DATA ELEMENTS--GENERAL INFORMATION | |
| fixed length control field | 151026b xxu||||| |||| 00| 0 eng d |
| 020 ## - INTERNATIONAL STANDARD BOOK NUMBER | |
| International Standard Book Number | 9788131525241 |
| 040 ## - CATALOGING SOURCE | |
| Transcribing agency | 0 |
| 082 ## - DEWEY DECIMAL CLASSIFICATION NUMBER | |
| Classification number | 658 DAF 2014 |
| 100 ## - MAIN ENTRY--PERSONAL NAME | |
| Personal name | Richard L. Daft |
| 245 ## - TITLE STATEMENT | |
| Title | New Era of Management |
| Statement of responsibility, etc. | Richard L. Daft |
| 250 ## - EDITION STATEMENT | |
| Edition statement | 11th Ed. |
| 260 ## - PUBLICATION, DISTRIBUTION, ETC. | |
| Place of publication, distribution, etc. | India |
| Name of publisher, distributor, etc. | Cengage Learning |
| Date of publication, distribution, etc. | 2014 |
| 300 ## - PHYSICAL DESCRIPTION | |
| Extent | 722 P. |
| Other physical details | PB |
| 440 ## - SERIES STATEMENT/ADDED ENTRY--TITLE | |
| Title | New Era of Management |
| 600 ## - SUBJECT ADDED ENTRY--PERSONAL NAME | |
| Personal name | Richard L. Daft |
| 942 ## - ADDED ENTRY ELEMENTS (KOHA) | |
| Source of classification or shelving scheme | |
| Koha item type | Book |
| Withdrawn status | Lost status | Source of classification or shelving scheme | Damaged status | Not for loan | Collection code | Permanent Location | Current Location | Shelving location | Date acquired | Total Checkouts | Full call number | Barcode | Date last seen | Date last checked out | Price effective from | Koha item type |
|---|---|---|---|---|---|---|---|---|---|---|---|---|---|---|---|---|
| Central Library (CL) | Central Library (CL) | General Stacks | 10/26/2015 | 5 | 658 DAF 2014 | NBS9615 | 10/13/2017 | 10/13/2017 | 10/26/2015 | Book |
